000 01014nam a22003137a 4500
003 CHAP
005 20220329141555.0
008 971013c19661958us r 00010 eng d
010 _a70350
011 _a71322
035 _a80876
040 _cCHAP
082 0 4 _a574.192
_bE38
100 0 0 _aEdsall, John T.
_935396
245 1 _aBiophysical chemistry
260 _aNew York :
_bAcademic Press,
_c1966 (c.1958)
300 _av.
505 0 _aContenido : v.1 Thermodynamics, electrostatics and the vbiological significance of the properties of matter. --
590 _aBATCH-UPD
_b10
_c20130110
_lUCH01
_h0525
590 _aBATCH-UPD
_b10
_c20130410
_lUCH01
_h0205
590 _aBATCH-UPD
_b10
_c20130914
_lUCH01
_h0644
590 _aCONVERSION
_b10
_c20130109
_lUCH01
_h1339
650 1 4 _aBioquímica.
_912849
650 1 4 _aFisicoquímica.
_941125
700 0 _aWyman, Jeffries.
_9122860
901 _aBK
942 _cLIBRO
949 _a574.192 E38
_bBC
_cLIBRO
_d33724000471447
_eLIBRO
_fv.1
_h8126
_i80876
_si
_t200.00
999 _c70350
_d70350